Recent tax policy trends and reforms in OECD countries

Gespeichert in:
Bibliographische Detailangaben
Format: Buch
Sprache:Englisch
Veröffentlicht: Paris OECD 2004
Schriftenreihe:OECD tax policy studies no. 9
Schlagworte:
Tags: Tag hinzufügen
Keine Tags, Fügen Sie das erste Tag hinzu!

MARC

LEADER 00000nam a2200000 4500
001 0023882
005 20220627103214.4
020 |a 92-64-01657-0 
041 0 |a eng 
044 |a FR 
245 1 0 |a Recent tax policy trends and reforms in OECD countries 
264 1 |a Paris  |b OECD  |c 2004 
300 |a 170 s. 
490 1 |a OECD tax policy studies  |v no. 9 
830 0 |a OECD tax policy studies  |v no. 9 
610 2 0 |a politika daňová 
610 2 0 |a reformy daňové 
610 2 0 |a dane 
610 2 0 |a výnosy 
610 2 0 |a sadzby daňové 
610 2 0 |a porovnanie medzinárodné 
610 2 0 |a porovnanie štatistické medzinárodné